Statistics for Taylor Swift - imgonnagetyouback (Lyrics)

Click here to take the quiz!

General Stats

  • This quiz has been taken 22 times
  • The average score is 299 of 401

Answer Stats

Answer% Correct
back
100%
get
100%
Gonna
100%
gonna
100%
I
100%
I,
100%
I'm
100%
in
100%
into
100%
my
100%
that
100%
The
100%
the
100%
you,
100%
you
100%
You
100%
your
100%
a
91%
be
91%
bike
91%
but
91%
But
91%
decided
91%
haven't
91%
Haven't
91%
it
91%
it's
91%
me
91%
me,
91%
Or
91%
or
91%
out,
91%
smash
91%
to
91%
up
91%
Whether
91%
wife,
91%
yet
91%
You'll
91%
hear
82%
mine
82%
Take
82%
take
82%
an
73%
and
73%
And
73%
can
73%
closet
73%
curse
73%
eyes
73%
house
73%
if
73%
like
73%
one
73%
Then,
73%
we're
73%
were
73%
don't
64%
end
64%
fading
64%
going
64%
gray
64%
I'll
64%
just
64%
knew
64%
love
64%
not
64%
Pull
64%
skirt
64%
tel
64%
tell
64%
'til
64%
too
64%
whispers
64%
with
64%
fits
55%
got
55%
here
55%
honey
55%
Honey,
55%
Lilac
55%
never
55%
off,
55%
Oh,
55%
price
55%
short
55%
skin
55%
still
55%
when
55%
Aston
45%
Did
45%
did
45%
Even
45%
feel
45%
find
45%
hand
45%
handcuffed,
45%
leaving
45%
Martin
45%
might
45%
same
45%
somebody
45%
thing,
45%
thing
45%
wants
45%
way
45%
will
45%
Yeah
45%
big
36%
body
36%
car
36%
clean
36%
come
36%
could
36%
ditch
36%
face,
36%
fix
36%
Flip
36%
flip
36%
hid
36%
make
36%
move
36%
Once
36%
research
36%
Say
36%
say,
36%
Small
36%
someone
36%
something
36%
talk,
36%
think
36%
touch
36%
upper
36%
wanna
36%
Act
27%
at
27%
bar
27%
becoming
27%
bubbly
27%
button,
27%
coming
27%
either
27%
friends,
27%
funny,
27%
leave
27%
new
27%
Pick
27%
play
27%
poison
27%
poison,
27%
Push
27%
ran
27%
reset
27%
script
27%
something's
27%
Standing
27%
steered
27%
straight
27%
Told
27%
twice
27%
what
27%
all
18%
babe,
18%
dumb
18%
game
18%
hate
18%
humming
18%
party
18%
bygone,
9%
Bygones
9%
eras
9%
pieces,
9%
else,
0%
Rebuild
0%

Score Distribution

Percentile by Number Answered

Percent of People with Each Score

Your Score History

You have not taken this quiz